000 00747nam a2200229 u 4500
005 20210223131624.0
008 111122s2006 r 000 0 eng d
020 _a9706439668 (1O dígitos)
020 _a9789706439666(13 dígitos)
035 _aUPN01000182572
049 _aI
050 4 _aTT870
_bZ4.6
100 1 _aZepeda Cabrera, Sergio
245 1 0 _aPapel mágico :
_bpara manos creativas /
_cSergio Zepeda.
260 _aMéxico :
_bSelector,
_c2006.
300 _a174 p. :
_bil.
440 0 _aManualidades
500 _a"Obra anteriormente publicada con el titulo Esculturas de papel"
650 4 _aTRABAJOS EN PAPEL -
_vLITERATURA JUVENIL
_98230
650 4 _aPAPEL, ESCULTURAS EN -
_vLITERATURA JUVENIL
_98231
905 _aInfantil
999 _c154675
_d154675